Paisajes del cuerpo /

Enregistré dans:
Détails bibliographiques
Auteur principal: Durán, María Angeles
Format: Texte
Tags: Ajouter un tag
Pas de tags, Soyez le premier à ajouter un tag!

MARC

LEADER 00000 a a2200000 04500
001 45849
003
040
100 |a Durán, María Angeles  
245 |a Paisajes del cuerpo /  |c María Angeles Durán  
773 |g páginas 27-61  
999 |c 38660  |d 38660